01333 a2200181 45000010006000000050017000060080041000230030015000640400040000790800087001192450059002062500011002652640057002763000019003335050757003521000024011097000018011332995420260407155610.0260407a1978 arg spa dAR-UNSa-BCEJYS aAR-UNSa-BCEJYSbspacAR-UNSa-BCEJYS a657.474.2xRelaciones entre la contabilidad comercial y la contabilidad de costes 10aContabilidad de eficiencia para planeamiento y control a3a. ed 1aBuenos Aires :bEdiciones Contabilidad Modernac1978 a482 p.c23 cm. a1. El auge de los sistemas de información gerencial - 2. Características básicas de la contabilidad de eficiencia - 3. La contabilidad de eficiencia y el costeo directo - 4. Contabilidad por áreas de responsabilidad - 5. Costeo stándar de materiales y mano de obra - 6. Presupuestos variables de gastos indirectos basados en la medición del trabajo - 7. Rentabilidad por líneas de productos y plan de utilidades - 8. Rendimiento de la inversión y evaluación de proyectos - 9. El proceso de planeamiento de la utilidad - 10. Los informes gerenciales como medios de control y revisión de planes - 11. La contabilidad de eficiencia y la fijación de los precios de venta - 12. Bases para la administración científica de empresas 1 aRaimondi, Carlos A.1 aBeyer, Robert